El C.R.I.S. : Centro de Recuperación e Investigación Submarinas Centro de Recuperación e Investigación Submarinas
Colección:
San Jorge,
; núm. 21 (gener 1956), pàg 46-47
Idioma:
Español
MARC
| LEADER | 00000nam a2200000Ia 4500 | ||
|---|---|---|---|
| 003 | Arxiu | ||
| 005 | 20260324181032.0 | ||
| 008 | 160829s1956 spcaxx s spa c | ||
| 040 | |a AGDB | ||
| 245 | 0 | 3 | |a El C.R.I.S. : |b Centro de Recuperación e Investigación Submarinas |
| 246 | 3 | 3 | |a CRIS : |b Centro de Recuperación e Investigación Submarinas |
| 490 | |a San Jorge, |v núm. 21 (gener 1956), pàg 46-47 | ||
| 610 | 2 | 0 | |9 55897 |a Centro de Recuperación e Investigaciones Submarinas |
| 773 | |g Núm. 21 (gener 1956), pàg 46-47 |t San Jorge | ||
| 901 | |a Arxiu | ||
| 942 | |n 1 |2 udc |c ART | ||
| 952 | |0 0 |1 0 |4 0 |6 REV511 |7 1 |9 65471 |a Arxiu |b Arxiu |d 2023-03-06 |l 0 |o Rev-511 |r 2023-03-06 00:00:00 |w 2023-03-06 |y ARXIU |z També disponible a Rev-525 | ||
| 999 | |c 47868 |d 47868 | ||